Introduction to modern radio / (Record no. 183031)
[ view plain ]
| 000 -LEADER | |
|---|---|
| fixed length control field | 00866 a2200169 4500 |
| 003 - CONTROL NUMBER IDENTIFIER | |
| control field | Nust |
| 005 - DATE AND TIME OF LATEST TRANSACTION | |
| control field | 20221220123251.0 |
| 040 ## - CATALOGING SOURCE | |
| Transcribing agency | Nust |
| 082 ## - DEWEY DECIMAL CLASSIFICATION NUMBER | |
| Classification number | 621.384,POY |
| 100 ## - MAIN ENTRY--PERSONAL NAME | |
| Personal name | Poyser, F. L. |
| 9 (RLIN) | 40253 |
| 245 ## - TITLE STATEMENT | |
| Title | Introduction to modern radio / |
| Statement of responsibility, etc. | F. L. Poyser |
| 260 ## - PUBLICATION, DISTRIBUTION, ETC. | |
| Place of publication, distribution, etc. | London |
| Name of publisher, distributor, etc. | University Tutorial Press |
| Date of publication, distribution, etc. | 1949 |
| 300 ## - PHYSICAL DESCRIPTION | |
| Extent | 232 p. |
| 505 ## - FORMATTED CONTENTS NOTE | |
| Formatted contents note | Fundamental Ideas-The Structure of Matter and the Nature of Electricity (Page-1), Constituent Parts of Radio Apparatus (Page-20), Sound and Radio-The Microphone, Telephone, Loudspeaker, and Gramophone Pick-up (Page-67), Receivers and Demodulation (Page-85), Amplification (Page-105), The Superheterodyne Receiver (Page-143), Power Supplies (Page-155), The Aerial-Earth System (Page-179), Transmitters (Page-186), Conclusion (Page-218), Color Code for Resistors (Page-227). |
| 650 ## - SUBJECT ADDED ENTRY--TOPICAL TERM | |
| Topical term or geographic name entry element | Radio. |
| 942 ## - ADDED ENTRY ELEMENTS (KOHA) | |
| Source of classification or shelving scheme | |
| Koha item type | Book |
| Withdrawn status | Lost status | Source of classification or shelving scheme | Damaged status | Not for loan | Permanent Location | Current Location | Shelving location | Date acquired | Full call number | Barcode | Date last seen | Price effective from | Koha item type | Public note |
|---|---|---|---|---|---|---|---|---|---|---|---|---|---|---|
| Military College of Signals (MCS) | Military College of Signals (MCS) | General Stacks | 12/12/2016 | 621.384,POY | MCS6900 | 12/08/2016 | 12/12/2016 | Book | Almirah No.38, Shelf No.3 |
